කවි කල්ප තරුව 1915 ජනවාරි (Record no. 232666)
[ view plain ]
| 000 -LEADER | |
|---|---|
| fixed length control field | 00871nam a22002057a 4500 |
| 003 - CONTROL NUMBER IDENTIFIER | |
| control field | LK-CoDNM |
| 005 - DATE AND TIME OF LATEST TRANSACTION | |
| control field | 20241126094540.0 |
| 008 - FIXED-LENGTH DATA ELEMENTS--GENERAL INFORMATION | |
| fixed length control field | 241126b |||||||| |||| 00| 0 eng d |
| 040 ## - CATALOGING SOURCE | |
| Original cataloging agency | LK-CoDNM |
| Modifying agency | LK-CoDNM |
| Description conventions | LK-CoDNM |
| 041 ## - LANGUAGE CODE | |
| Language code of text/sound track or separate title | Sinhala; Sinhalese |
| 080 ## - UNIVERSAL DECIMAL CLASSIFICATION NUMBER | |
| Universal Decimal Classification number | ප්ර.ක |
| Item number | 19.d |
| 942 ## - ADDED ENTRY ELEMENTS (KOHA) | |
| Koha item type | Books |
| 100 ## - MAIN ENTRY--PERSONAL NAME | |
| Personal name | ඩ්බ්ලිව්.චාල්ස් ද සොවියා / ඩී.ඇම්.ඇස්.ඇස්.කවිරාහජ |
| 245 ## - TITLE STATEMENT | |
| Title | කවි කල්ප තරුව 1915 ජනවාරි |
| Remainder of title | 6කාණ්ඩය 10අංක |
| 260 ## - PUBLICATION, DISTRIBUTION, ETC. (IMPRINT) | |
| Date of publication, distribution, etc. | 1914 |
| Place of publication, distribution, etc. | පානදුර |
| 300 ## - PHYSICAL DESCRIPTION | |
| Extent | 1145p. : 21 cm |
| 650 ## - SUBJECT ADDED ENTRY--TOPICAL TERM | |
| Topical term or geographic name as entry element | ප්ර.ක19.d |
| 650 ## - SUBJECT ADDED ENTRY--TOPICAL TERM | |
| Topical term or geographic name as entry element | කවි කල්ප තරුව 1915 ජනාවාරි |
| 650 ## - SUBJECT ADDED ENTRY--TOPICAL TERM | |
| Topical term or geographic name as entry element | ඩ්බ්ලිව්.චාල්ස් ද සොවියා / ඩී.ඇම්.ඇස්.ඇස්.කවිරාහජ |
| Withdrawn status | Lost status | Damaged status | Not for loan | Collection code | Permanent Location | Current Location | Shelving location | Date acquired | Full call number | Barcode | Koha item type |
|---|---|---|---|---|---|---|---|---|---|---|---|
| Damaged | Old Books Collection | Library National Museum Colombo - Sri Lanka | Library National Museum Colombo - Sri Lanka | Reference | 2024-11-26 | ප්ර.ක 19.d | OJP5607-5 | Books |


